Common carp
This is the first part of an illustrated manual on the large-scale propagation of cyprinus carpio, the common carp. It particularly provides details about the advanced technology which has recently been developed in Hungary for the mass production of carp eggs and early fry through artificial reprod...
Đã lưu trong:
| Hovedforfatter: | |
|---|---|
| Format: | Bog |
| Sprog: | Undetermined |
| Udgivet: |
Rome
Food and Agriculture Organization of the United Nations
1985
|
| Fag: | |
| Tags: |
Tilføj Tag
Ingen Tags, Vær først til at tagge denne postø!
|
| Thư viện lưu trữ: | Trung tâm Học liệu Trường Đại học Cần Thơ |
|---|
| LEADER | 00950nam a2200205Ia 4500 | ||
|---|---|---|---|
| 001 | CTU_160409 | ||
| 008 | 210402s9999 xx 000 0 und d | ||
| 082 | |a 639.37483 | ||
| 082 | |b H823/Part 1 | ||
| 100 | |a Horvath, Laszlo | ||
| 245 | 0 | |a Common carp | |
| 245 | 0 | |c Laszlo Horvath, Gizella Tama's, A. G. Coche | |
| 260 | |a Rome | ||
| 260 | |b Food and Agriculture Organization of the United Nations | ||
| 260 | |c 1985 | ||
| 520 | |a This is the first part of an illustrated manual on the large-scale propagation of cyprinus carpio, the common carp. It particularly provides details about the advanced technology which has recently been developed in Hungary for the mass production of carp eggs and early fry through artificial reproduction in a modern hatchery. | ||
| 650 | |a Carps,Fish culture | ||
| 650 | |x Handbooks, manuals, etc.,Handbooks, manuals, etc. | ||
| 904 | |i Bạch Trúc | ||
| 980 | |a Trung tâm Học liệu Trường Đại học Cần Thơ | ||